000 01550pam a2200385 a 4500
001 1998263
003 OSt
005 20211130113012.0
008 900424s1991 ohua b 001 0 eng
010 _a 90036159
020 _a0538074612
_c$35.00
038 _aKhadija
040 _aDLC
_cDLC
_dDLC
050 0 0 _aTS176
_b.F64 1991
082 0 0 _a658.5
_220
_bFOQ
100 1 _aFogarty, Donald W.
_985302
245 1 0 _aProduction & inventory management /
_cDonald W. Fogarty, John H. Blackstone, Jr., Thomas R. Hoffmann.
250 _a2nd ed.
260 _aCincinnati, OH :
_bSouth-Western Pub. Co.,
_cc1991.
300 _ax, 870 p. :
_bill. ;
_c24 cm.
500 _aRev. ed. of: Production and inventory management. c1983.
500 _a"Published in conjunction with the American Production & Inventory Control Society."
504 _aIncludes bibliographical references and indexes.
563 _aHB
650 0 _aProduction planning.
_985303
650 0 _aInventory control.
_985304
700 1 _aBlackstone, John H.,
_d1948-
_985305
700 1 _aHoffmann, Thomas Russell,
_d1933-
_985306
700 1 _aFogarty, Donald W.
_tProduction and inventory management.
_985307
740 0 _aProduction and inventory management.
856 4 2 _3Publisher description
_uhttp://www.loc.gov/catdir/enhancements/fy1304/90036159-d.html
906 _a7
_bcbc
_corignew
_d1
_eocip
_f19
_gy-gencatlg
942 _2ddc
_cBK
999 _c33492
_d33492